<?xml version="1.0" encoding="UTF-8"?>
<record
    xmlns:xsi="http://www.w3.org/2001/XMLSchema-instance"
    xsi:schemaLocation="http://www.loc.gov/MARC21/slim http://www.loc.gov/standards/marcxml/schema/MARC21slim.xsd"
    xmlns="http://www.loc.gov/MARC21/slim">

  <leader>01251nam a2200289 a 4500</leader>
  <controlfield tag="001">BRL_1461</controlfield>
  <controlfield tag="005">20190320211223.0</controlfield>
  <controlfield tag="008">160114s1986----u--abo####---#000-0#eng-#</controlfield>
  <datafield tag="020" ind1=" " ind2=" ">
    <subfield code="a">0912089040</subfield>
  </datafield>
  <datafield tag="041" ind1=" " ind2=" ">
    <subfield code="a">eng</subfield>
  </datafield>
  <datafield tag="044" ind1=" " ind2=" ">
    <subfield code="a">u</subfield>
  </datafield>
  <datafield tag="050" ind1=" " ind2="4">
    <subfield code="a">F1219.3.C75</subfield>
    <subfield code="b">.C67 1986</subfield>
  </datafield>
  <datafield tag="245" ind1="1" ind2="0">
    <subfield code="a">Costume as communication</subfield>
    <subfield code="b">ethnographic costumes and textiles from Middle America and the Central Andes of South America in the collections of the Haffenreffer Museum of Anthropology, Brown University, Bristol, Rhode Island</subfield>
    <subfield code="c">by Margot Blum Schevill ; E.M. Franquemont, Andean consultant and essayist.</subfield>
  </datafield>
  <datafield tag="260" ind1=" " ind2=" ">
    <subfield code="a">Seatle, WA</subfield>
    <subfield code="b">The University of Washington</subfield>
    <subfield code="c">1986</subfield>
  </datafield>
  <datafield tag="300" ind1=" " ind2=" ">
    <subfield code="a">vi, 138 p.</subfield>
    <subfield code="b">il., mapas</subfield>
    <subfield code="c">28 cm.</subfield>
  </datafield>
  <datafield tag="440" ind1=" " ind2="0">
    <subfield code="a">Studies in anthropology and material culture</subfield>
    <subfield code="v">4</subfield>
    <subfield code="9">26994</subfield>
  </datafield>
  <datafield tag="500" ind1=" " ind2=" ">
    <subfield code="a">Au1619</subfield>
  </datafield>
  <datafield tag="504" ind1=" " ind2=" ">
    <subfield code="a">Bibliograf&#xED;a: p. 131-138</subfield>
  </datafield>
  <datafield tag="610" ind1="2" ind2="4">
    <subfield code="a">Haffenreffer Museum of Anthropology</subfield>
    <subfield code="v">Cat&#xE1;logos</subfield>
    <subfield code="9">26995</subfield>
  </datafield>
  <datafield tag="650" ind1="1" ind2="4">
    <subfield code="a">Ind&#xED;genas de M&#xE9;xico</subfield>
    <subfield code="v">Cat&#xE1;logos</subfield>
    <subfield code="x">Indumentaria</subfield>
    <subfield code="9">26996</subfield>
  </datafield>
  <datafield tag="650" ind1="1" ind2="4">
    <subfield code="a">Ind&#xED;genas de Am&#xE9;rica Central</subfield>
    <subfield code="v">Cat&#xE1;logos</subfield>
    <subfield code="x">Indumentaria</subfield>
    <subfield code="9">26997</subfield>
  </datafield>
  <datafield tag="650" ind1="1" ind2="4">
    <subfield code="a">Ind&#xED;genas de Am&#xE9;rica del Sur</subfield>
    <subfield code="v">Cat&#xE1;logos</subfield>
    <subfield code="x">Indumentaria</subfield>
    <subfield code="9">26998</subfield>
  </datafield>
  <datafield tag="700" ind1="1" ind2=" ">
    <subfield code="a">Schevill, Margot</subfield>
    <subfield code="9">26999</subfield>
  </datafield>
  <datafield tag="700" ind1="1" ind2=" ">
    <subfield code="a">Franquemont, E. M.</subfield>
    <subfield code="9">27000</subfield>
  </datafield>
  <datafield tag="902" ind1=" " ind2=" ">
    <subfield code="a">GRL</subfield>
  </datafield>
  <datafield tag="942" ind1=" " ind2=" ">
    <subfield code="2">lcc</subfield>
    <subfield code="c">B</subfield>
  </datafield>
  <datafield tag="999" ind1=" " ind2=" ">
    <subfield code="c">10271</subfield>
    <subfield code="d">10271</subfield>
  </datafield>
  <datafield tag="952" ind1=" " ind2=" ">
    <subfield code="0">0</subfield>
    <subfield code="1">0</subfield>
    <subfield code="4">0</subfield>
    <subfield code="7">0</subfield>
    <subfield code="a">BRL</subfield>
    <subfield code="b">BRL</subfield>
    <subfield code="d">2014-01-16</subfield>
    <subfield code="i">Au1619</subfield>
    <subfield code="l">0</subfield>
    <subfield code="o">F1219.3.C75 .C67 1986 (Au1619)</subfield>
    <subfield code="p">GRL01621</subfield>
    <subfield code="r">2019-03-22 00:00:00</subfield>
    <subfield code="w">2019-03-22</subfield>
    <subfield code="y">B</subfield>
  </datafield>
</record>
